000 01130cam a2200181 4500500
005 20251228095109.0
041 _afre
042 _adc
100 1 0 _aDufour, Sylvette
_eauthor
245 0 0 _aDispositifs optiques
260 _c2020.
500 _a8
520 _aChaque artiste a ses secrets de fabrications. Comment les identifier, en quoi consistent-ils ? Les technologies modernes qui permettent de les dévoiler n’ajoutent-elles pas encore plus de mystère au processus créateur ?
520 _aEvery artist has their trade secrets. What do they consist of, and how can they be identified? Though they can be revealed by modern technology, does this not add even more mystery to the creative process?
520 _aTodo o artista tem os seus segredos de fabrico. Mas como identificá-los? Como saber em que consistem? Será que as tecnologias modernas que permitem desvendá-los não acrescentam mais mistérios ainda ao processo de criação?
786 0 _nSigila | 44 | 2 | 2020-01-10 | p. 197-199 | 1286-1715
856 4 1 _uhttps://shs.cairn.info/revue-sigila-2019-2-page-197?lang=fr&redirect-ssocas=7080
999 _c1605543
_d1605543